Music Quiz

Random Music or Song Quiz
Score 0/30 Timer 07:00
3 Plays Today
Number Song % Correct
15Summer
87.2%
1California Gurls
74.8%
16California Girls
58.5%
7Summertime
55.8%
29Summertime
55.8%
13Summer of '69
51.7%
8Surfin' U.S.A.
48%
21School's Out
47.7%
11The Boys of Summer
47%
10Summer Nights
43.1%
2Summer in the City
32.8%
12In the Summertime
29.7%
27Cruel Summer
27.5%
30Surfin' Safari
27%
3Wipe Out
25.3%
Number Song % Correct
28Wipeout
25.3%
22Summer Breeze
23.1%
17Summer Girls
21.9%
26Summertime Blues
20.5%
14Under the Boardwalk
20.5%
19Summer Love
20.2%
18Saturday in the Park
17.3%
5Surf City
14.8%
23Surfer Girl
14.4%
9Hot Fun in the Summertime
12.3%
24Suddenly Last Summer
10.4%
6Endless Summer Nights
6.9%
25A Summer Song
5.4%
4Itsy Bitsy Teenie Weenie Yellow Polka Dot Bikini
3.4%
20Those Lazy-Hazy-Crazy Days of Summer
2.2%

You're not logged in!

Compare scores with friends on all Sporcle quizzes.
OR
Log In

Sporcle TV

Today on Sporcle TV


Watch our educational content, quiz creation guides, and fun videos on Sporcle TV.

Show Comments

Extras

Top Quizzes Today


Score Distribution

Your Account Isn't Verified!

In order to create a playlist on Sporcle, you need to verify the email address you used during registration. Go to your Sporcle Settings to finish the process.

Report this User

Report this user for behavior that violates our Community Guidelines.

Details: